000 00900cam a2200289 a 4500
999 _c20673
_d20673
001 4677235
003 BDDh-ASL
005 20231015025923.0
008 800923s1980 ii b b 001 0 eng
010 _a 80903372
020 _cRs135.00
040 _aDLC
_cDLC
_dDLC
_dBDDh-ASL
043 _aa-ii---
050 0 0 _aDS484.65
_b.S74 1980
082 0 0 _a954.8
_bSTP
100 1 _aStein, Burton,
_d1926-1996.
245 1 0 _aPeasant, state, and society in medieval South India /
_cBurton Stein.
260 _aDelhi :
_aNew York :
_bOxford University Press,
_c1980.
_c1994.
300 _axvi, 533 p. :
_bmaps ;
_c23 cm.
500 _aIncludes index.
504 _aBibliography: p. 489-518.
650 0 _aPeasants
_zIndia, South
_xHistory.
651 0 _aIndia, South
_xHistory.
651 0 _aIndia, South
_xHistoriography.
906 _a7
_bcbc
_corignew
_d2
_encip
_f19
_gy-gencatlg
942 _2ddc
_cBK